000 01499nam a2200289Ia 4500
999 _c49175
_d49175
001 16086
003 GE_BSU
005 20241209172054.0
008 181216s2004||||ge |||||||||||||| ||geo||
040 _cGE_BSU
041 _ageo
080 _a1(44) ფ-97
100 _aფუკო, მიშელ
_923932
245 _aსიტყვები და საგნები = Les most et Les choses :
_bჰუმანიტარულ მეცნიერებათა არქეოლოგია /
_cმიშელ ფუკო ; თარგმნ. ფრანგ. დოდო ლაბუჩიძე-ხოფერია ; რედ. : ლალი ქადაგიძე.
250 _a1-ლი ქართული გამოცემა
264 _aთბილისი :
_bდიოგენე,
_c2004.
300 _a477გვ. ;
_c20 სმ.
504 _aბიბლიოგრაფ. ტექსტ. შენიშვნ.
653 _aLes most et Les choses
653 _aსიტყვები და საგნები
653 _aფრანგული ფილოსოფია
653 _aპოსტმოდერნიზმი
653 _aპოსტსტრუქტურალიზმი
700 _aლაბუჩიძე-ხოფერია, დოდო
_eთარგმ. ფრანგ.
_92228
700 _aქადაგიძე, ლალი
_eრედაქტორი
_910069
942 _cBK
_2udc